00626nam a2200205Ia 4500008004100000020001500041041000800056082001600064100002200080245006900102260003900171300000800210365001100218650001500229650001400244700002300258942001200281999001900293952010800312140306s9999 xx 000 0 und d a817036938X aeng a355bSUB/HI aSubrata Mujherjee aHistory of socialist thought : from the precusors to the present aNew DelhibSage Publicationsc2000 a464 bRs.495 aPhilosophy aSocialism aSushila, Ramaswary 2ddccBK c183373d183373 00102ddc4070aKAUCBVbKAUCBVd2004-01-03g495.00l0o355 SUB/HIr2014-03-22 00:00:00w2014-03-22yBK